Statistics for LOT Polish Airlines Destinations-Warsaw

Click here to take the quiz!

General Stats

  • This quiz has been taken 153 times
  • The average score is 57 of 78

Answer Stats

Country Airport % Correct
FranceParis-CDG
96%
DenmarkCopenhagen
95%
RussiaMoscow-Sheremetyevo
95%
BelgiumBrussels
95%
AustriaVienna
93%
CanadaToronto
93%
NetherlandsAmsterdam
93%
GermanyMunich
92%
CzechiaPrague
92%
GermanyBerlin-Tegel
92%
USANew York
91%
GermanyHamburg
91%
NorwayOslo
91%
BelarusMinsk
91%
ChinaBeijing
91%
JapanTokyo-Narita
90%
ItalyMilan-Malpensa
90%
EstoniaTallinn
89%
SpainMadrid
89%
HungaryBudapest
88%
PolandKrakow
88%
IsraelTel Aviv
88%
UKLondon-City
88%
UKLondon-Heathrow
88%
BulgariaSofia
87%
CroatiaZagreb
87%
LuxembourgLuxembourg
87%
GermanyFrankfurt
86%
South KoreaSeoul
85%
SingaporeSingapore
85%
SpainBarcelona
85%
SwitzerlandZurich
84%
UkraineKiev-Zhuliany
84%
SwedenStockholm
84%
RomaniaBucharest
84%
UkraineKiev-Boryspil
84%
PolandGdansk
83%
LatviaRiga
81%
TurkeyIstanbul
81%
LithuaniaVilnius
80%
RussiaSt Petersburg
80%
USALos Angeles
78%
KazakhstanAstana
78%
USAChicago
77%
North MacedoniaSkopje
76%
GermanyDusseldorf
76%
SwitzerlandGeneva
75%
GeorgiaTbilisi
74%
SerbiaBelgrade
70%
PolandWroclaw
70%
SloveniaLjubljana
70%
MontenegroPodgorica
69%
FranceNice
68%
PolandKatowice
67%
ArmeniaYerevan
66%
ItalyVenice
66%
SwedenGothenburg
65%
CroatiaDubrovnik
65%
MoldovaChisinau
65%
UkraineLviv
64%
GermanyStuttgart
63%
PolandPoznan
60%
PolandLublin
60%
PolandSzczecin
59%
UkraineOdessa
56%
GermanyHannover
55%
LithuaniaKaunas
52%
PolandRzeszow
50%
RomaniaCluj-Napoca
46%
GermanyNurnberg
46%
CyprusLarnaca
43%
UkraineKharkiv
38%
USANewark
37%
SlovakiaKosice
34%
DenmarkBillund
29%
PolandZielona Gora
25%
RussiaKaliningrad
19%
UkraineZaporizhia
8%

Score Distribution

Percentile by Number Answered

Percent of People with Each Score

Your Score History

You have not taken this quiz